| 000 | 00382nam a2200145Ia 4500 | ||
|---|---|---|---|
| 005 | 20240821155137.0 | ||
| 008 | 240821s9999||||xx |||||||||||||| ||und|| | ||
| 082 | _a759.03 BRU | ||
| 100 | _aDopagne, Jacques | ||
| 245 | 0 | _aBruegel | |
| 260 |
_aNew York _bNeon Amiel Publisher _c0 |
||
| 300 | _aVarious pagination | ||
| 650 | _aArts,crafts,music,sports and recreations | ||
| 942 | _cBK | ||
| 999 |
_c99554 _d99554 |
||